[Event "II - WIDCC Open Tournament"]
[Site "Malente GER"]
[Date "2004.08.04"]
[Round "9.9"]
[White "Rossinskaja L. (RUS)"]
[Black "Golemovic T. (CRO)"]
[Result "1/2-1/2"]
[WhiteElo "1864"]
[BlackElo "1805"]
[PlyCount "87"]
[EventDate "2004.??.??"]
[EventType "swiss"]
[EventRounds "9"]
[EventCountry "GER"]

1. e4 c6 2. d4 d5 3. e5 Bf5 4. g4 Bg6 5. Ne2 e6 6. Nf4 c5 7. Nxg6 hxg6 8. c3
Nc6 9. Be3 cxd4 10. Bxd4 Qg5 11. Bb5 Nge7 12. h3 a6 13. Bxc6+ Nxc6 14. Qd2 Nxe5
15. Bxe5 Qxe5+ 16. Qe2 Bd6 17. Nd2 Rc8 18. Nf3 Qxe2+ 19. Kxe2 b5 20. a3 Ke7 21.
Rad1 Bc5 22. Ne5 Bd6 23. Nf3 f6 24. h4 Rc4 25. Rd4 Rhc8 26. g5 Rxd4 27. Nxd4 e5
28. gxf6+ gxf6 29. Nf3 Rh8 30. Rg1 Rh6 31. Rg2 Bc5 32. b4 Bb6 33. Rg1 Ke6 34.
a4 e4 35. Nd4+ Bxd4 36. cxd4 Rxh4 37. axb5 axb5 38. Rxg6 Rh7 39. Rg8 Rb7 40.
Rc8 Kd7 41. Rc5 Kd6 42. Ke3 Rb6 43. Kf4 Ke6 44. Rc8 1/2-1/2

[Event "II - WIDCC Open Tournament"]
[Site "Malente GER"]
[Date "2004.08.04"]
[Round "9.9"]
[White "Filatov B. (RUS)"]
[Black "Burnett R. (SCO)"]
[Result "1-0"]
[WhiteElo "1805"]
[BlackElo "1805"]
[PlyCount "67"]
[EventDate "2004.??.??"]
[EventType "swiss"]
[EventRounds "9"]
[EventCountry "GER"]

1. d4 Nf6 2. c4 g6 3. Nc3 Bg7 4. e4 d6 5. f3 c5 6. d5 O-O 7. Be3 a6 8. Qd2 Bd7
9. Bd3 b6 10. g4 Ne8 11. h4 e5 12. Bh6 f6 13. Nge2 Qc7 14. O-O-O b5 15. Rdg1
bxc4 16. Bxc4 Bb5 17. Bxg7 Nxg7 18. Bxb5 axb5 19. Nxb5 Qb6 20. Nec3 Na6 21. a3
Nc7 22. Nxc7 Qxc7 23. f4 Qe7 24. f5 Rf7 25. fxg6 hxg6 26. Qh6 Ne8 27. Qxg6+ Rg7
28. Qf5 Rb8 29. g5 Qb7 30. Rh2 Qf7 31. g6 Qa7 32. h5 c4 33. Qf2 Rb3 34. Qxa7
1-0

[Event "II - WIDCC Open Tournament"]
[Site "Malente GER"]
[Date "2004.08.04"]
[Round "9.9"]
[White "Kaminski L. (POL)"]
[Black "Michalczuk K. (POL)"]
[Result "1/2-1/2"]
[WhiteElo "1907"]
[BlackElo "1805"]
[PlyCount "52"]
[EventDate "2004.??.??"]
[EventType "swiss"]
[EventRounds "9"]
[EventCountry "GER"]

1. c4 e6 2. Nc3 Nf6 3. g3 d5 4. cxd5 exd5 5. e3 c6 6. Nf3 Bg4 7. Be2 Bh3 8. Ng5
Qd7 9. Nxh3 Qxh3 10. Bf1 Qe6 11. d4 Bd6 12. Bg2 O-O 13. O-O Nbd7 14. Re1 Nb6
15. a3 Rfe8 16. b3 Qf5 17. Qd2 h5 18. Bb2 h4 19. Rac1 hxg3 20. hxg3 Qh5 21. Qe2
Qh7 22. Qf3 Re6 23. e4 dxe4 24. Nxe4 Nxe4 25. Rxe4 Rxe4 26. Qxe4 Qxe4 1/2-1/2

[Event "II - WIDCC Open Tournament"]
[Site "Malente GER"]
[Date "2004.08.04"]
[Round "9.9"]
[White "Nendza J. (GER)"]
[Black "Dearie J. (SCO)"]
[Result "1-0"]
[WhiteElo "1805"]
[BlackElo "1805"]
[PlyCount "101"]
[EventDate "2004.??.??"]
[EventType "swiss"]
[EventRounds "9"]
[EventCountry "GER"]

1. Nf3 e6 2. b3 Be7 3. Bb2 Bf6 4. d4 Nc6 5. e3 d6 6. Be2 e5 7. dxe5 Nxe5 8.
Bxe5 dxe5 9. Qxd8+ Kxd8 10. c3 e4 11. Nfd2 Bf5 12. g4 Bg6 13. O-O h5 14. gxh5
Bxh5 15. Bxh5 g6 16. Be2 Be5 17. Nxe4 Bxh2+ 18. Kg2 Be5 19. f4 Bg7 20. Ng5 Ke7
21. Bc4 Nh6 22. e4 a6 23. a4 Ng4 24. Rf3 Rad8 25. Nxf7 Rdf8 26. Nxh8 Bxh8 27.
Kg3 Nf6 28. Nd2 Nh5+ 29. Kg4 Nf6+ 30. Kg5 Nd7 31. Rh1 Rd8 32. Rh7+ Kd6 33. e5+
Kc5 34. b4+ Kc6 35. Rd3 b5 36. axb5+ axb5 37. Bd5+ Kb6 38. Be4 c5 39. Rd6+ Kc7
40. bxc5 Kc8 41. Nb3 Nxc5 42. Nxc5 Rxd6 43. Rxh8+ Rd8 44. Rxd8+ Kxd8 45. Kf6
Kc7 46. e6 Kd6 47. e7 Kxc5 48. e8=Q Kc4 49. Qc6+ Kb3 50. Qc5 Ka4 51. Qb4# 1-0

[Event "II - WIDCC Open Tournament"]
[Site "Malente GER"]
[Date "2004.08.04"]
[Round "9.9"]
[White "Pietrucha R. (POL)"]
[Black "Svec D. (CRO)"]
[Result "0-1"]
[WhiteElo "2103"]
[BlackElo "1805"]
[PlyCount "104"]
[EventDate "2004.??.??"]
[EventType "swiss"]
[EventRounds "9"]
[EventCountry "GER"]

1. c4 Nf6 2. Nc3 d5 3. cxd5 Nxd5 4. Qb3 e6 5. g3 g6 6. Bg2 c6 7. Nxd5 cxd5 8.
Nf3 Bg7 9. O-O O-O 10. d3 Nd7 11. Be3 b6 12. Rac1 Bb7 13. Bg5 f6 14. Be3 Kh8
15. Nd4 Re8 16. Nb5 Re7 17. Bh3 Nf8 18. Bf4 e5 19. Bd2 a6 20. Na3 f5 21. Bg5
Nd7 22. Bxe7 Qxe7 23. Rc7 Rb8 24. Rfc1 Qd6 25. Rxb7 Rxb7 26. Rc8+ Bf8 27. Qa4
b5 28. Qc2 Rb6 29. Bg2 Kg7 30. Qb3 e4 31. dxe4 dxe4 32. Qc3+ Qe5 33. Nc2 Rd6
34. Bf1 Qxc3 35. Rxc3 Kf7 36. e3 Bg7 37. Rc7 Bxb2 38. Nb4 Ke6 39. Ra7 Nc5 40.
Rxh7 Bc3 41. Nc2 Rd2 42. Nd4+ Bxd4 43. exd4 Rxd4 44. Rg7 Kf6 45. Rc7 Ne6 46.
Ra7 Ra4 47. h3 Nd4 48. Kg2 Rxa2 49. Rb7 e3 50. Rb6+ Ke5 51. Rxg6 Rxf2+ 52. Kg1
Nf3+ 0-1

[Event "II - WIDCC Open Tournament"]
[Site "Malente GER"]
[Date "2004.08.04"]
[Round "9.9"]
[White "Karmars A. (LAT)"]
[Black "Durdyev Y. (TKM)"]
[Result "1-0"]
[WhiteElo "1805"]
[BlackElo "1805"]
[PlyCount "59"]
[EventDate "2004.??.??"]
[EventType "swiss"]
[EventRounds "9"]
[EventCountry "GER"]

1. d4 d5 2. c4 dxc4 3. Nc3 c6 4. e4 e6 5. Bxc4 g6 6. Nf3 Be7 7. O-O b5 8. Bb3
a6 9. d5 Nf6 10. d6 Bf8 11. Bg5 h6 12. Bxf6 Qxf6 13. e5 Qd8 14. Ne4 Bg7 15. Re1
Nd7 16. Ng3 c5 17. Bc2 Bb7 18. Be4 Qb6 19. Bxb7 Qxb7 20. Qc2 Rg8 21. Rad1 g5
22. Nh5 Nf8 23. Qxc5 Rc8 24. Qe3 Kd7 25. Rc1 Ng6 26. Nxg7 Rxg7 27. Rxc8 Qxc8
28. Rc1 Qa8 29. Rc7+ Kd8 30. Qb6 1-0

[Event "II - WIDCC Open Tournament"]
[Site "Malente GER"]
[Date "2004.08.04"]
[Round "9.9"]
[White "Picone C. (ITA)"]
[Black "Hreinsson A. (ICE)"]
[Result "0-1"]
[WhiteElo "1805"]
[BlackElo "1805"]
[PlyCount "60"]
[EventDate "2004.??.??"]
[EventType "swiss"]
[EventRounds "9"]
[EventCountry "GER"]

1. Nf3 Nf6 2. b3 g6 3. Bb2 Bg7 4. e3 d6 5. d4 O-O 6. Nbd2 Nbd7 7. Be2 e5 8.
dxe5 Ng4 9. c4 Ngxe5 10. Nxe5 Nxe5 11. Qc2 Bf5 12. e4 Be6 13. h3 Qe7 14. f4
Qh4+ 15. Kd1 Qxf4 16. Rf1 Qe3 17. Nf3 Rad8 18. Bd4 Qh6 19. Qc3 f5 20. exf5 Bxf5
21. Nd2 c5 22. Be3 Nc6 23. Bxh6 Bxc3 24. Rc1 Bb2 25. Bxf8 Rxf8 26. Rc2 Bxc2+
27. Kxc2 Nd4+ 28. Kxb2 Nxe2 29. Nf3 Nf4 30. Re1 Nd3+ 0-1

[Event "II - WIDCC Open Tournament"]
[Site "Malente GER"]
[Date "2004.08.04"]
[Round "9.9"]
[White "Chilton M. (NED)"]
[Black "Westerveld G. (NED)"]
[Result "1-0"]
[WhiteElo "1805"]
[BlackElo "1805"]
[PlyCount "27"]
[EventDate "2004.??.??"]
[EventType "swiss"]
[EventRounds "9"]
[EventCountry "GER"]

1. e4 e6 2. Nf3 d6 3. Nc3 c6 4. d4 Be7 5. Bd3 Nd7 6. O-O a6 7. Re1 e5 8. d5 c5
9. b3 Ngf6 10. Nh4 b5 11. Nf5 O-O 12. Qf3 Re8 13. Qg3 Bf8 14. Nh6+ 1-0

[Event "II - WIDCC Open Tournament"]
[Site "Malente GER"]
[Date "2004.08.04"]
[Round "9.9"]
[White "Christie J. (SCO)"]
[Black "Johannesen H. (NED)"]
[Result "0-1"]
[WhiteElo "1805"]
[BlackElo "1805"]
[PlyCount "66"]
[EventDate "2004.??.??"]
[EventType "swiss"]
[EventRounds "9"]
[EventCountry "GER"]

1. e4 c5 2. d4 cxd4 3. Qxd4 Nc6 4. Qd1 g6 5. Nf3 Bg7 6. Nc3 a6 7. Bc4 e6 8. Ne2
b5 9. Bd3 Bb7 10. c3 Rc8 11. a3 Nge7 12. Bd2 O-O 13. Qc1 d5 14. exd5 exd5 15.
Bh6 Re8 16. Bxg7 Kxg7 17. O-O Na5 18. Bc2 Ng8 19. Ned4 Nc4 20. Ng5 h6 21. Ngf3
Nf6 22. h3 Ne4 23. Nh2 Qd6 24. Ng4 Rh8 25. Ne3 Rce8 26. b3 Ncd2 27. Re1 Qf6 28.
f3 Nxf3+ 29. gxf3 Qg5+ 30. Kf1 Qg3 31. Ke2 Ng5 32. Kd1 Nxf3 33. Ne2 Qxe1# 0-1